|
|
|
|
| LEADER |
00734nab a2200193 i 4500 |
| 001 |
misc10764 |
| 005 |
20191106142346.0 |
| 008 |
170607s1933 hu o 0|| hun d |
| 022 |
|
|
|a 0025-0260
|
| 040 |
|
|
|a SZTE Miscellanea Repozitórium
|b hun
|
| 041 |
|
|
|a hun
|
| 100 |
1 |
|
|a Baranyai Erzsébet
|
| 245 |
1 |
0 |
|a Lázár Károly
|h [elektronikus dokumentum] :
|b A gyermektanulmány vázlata : [könyvismertetés] /
|c Baranyai Erzsébet
|
| 260 |
|
|
|c 1933
|
| 300 |
|
|
|a 179
|
| 490 |
0 |
|
|a Magyar pedagógia : a Magyar Tudományos Akadémia Pedagógiai Bizottságának folyóirata
|v 42
|
| 695 |
|
|
|a Gyermeklélektan, Gyermekpszichológia
|
| 700 |
0 |
1 |
|a Lázár Károly
|
| 856 |
4 |
0 |
|u http://misc.bibl.u-szeged.hu/10764/1/mp_1933_3392_179.pdf
|z Dokumentum-elérés
|